| 000 | 00912nam a2200265Ia 4500 | ||
|---|---|---|---|
| 003 | OSt | ||
| 005 | 20220926032301.0 | ||
| 006 | a|||||r|||| 00| 0 | ||
| 007 | ta | ||
| 008 | 220923b |||||||| |||| 00| 0 eng d | ||
| 020 |
_a9780516088124 _c4455.9099999999999 |
||
| 037 |
_b283, 14/08/2009, PIONEER BOOK DISTRIBUTORS _cGeneral Book |
||
| 040 |
_aRTL _cRTL _beng |
||
| 041 |
_2eng _aeng |
||
| 082 | _aX9(J3):54- 8, P9 | ||
| 100 |
_aLindgreen Adam _9337215 |
||
| 245 | 0 |
_aCrisis of food brands _b Sustaining safe, innovative and competitive food supply. |
|
| 260 |
_aSurrey _bGower Publishing _c2009 |
||
| 300 |
_axxx, 352p _ccm. |
||
| 490 | _aFood And Agricultural Marketing Series | ||
| 500 | _aBibliography chapterwise | ||
| 650 | _aCommerce | ||
| 942 |
_hX9(J3):54- 8, P9 _cGB _2CC |
||
| 999 |
_c654336 _d654336 |
||